| 000 -LEADER |
| fixed length control field |
00405cam a22001337a 4500 |
| 008 - FIXED-LENGTH DATA ELEMENTS--GENERAL INFORMATION |
| fixed length control field |
180718b1924 xxu||||| |||| 00| 0 eng d |
| 082 ## - DEWEY DECIMAL CLASSIFICATION NUMBER |
| Classification number |
T39055x54 C829 |
| 100 ## - MAIN ENTRY--PERSONAL NAME |
| Personal name |
Cotton, C.W.E. |
| 245 ## - TITLE STATEMENT |
| Title |
Handbook of commercial information for India |
| Statement of responsibility, etc. |
by C.W.E. Cotton |
| 250 ## - EDITION STATEMENT |
| Edition statement |
2nd ed. |
| 260 ## - PUBLICATION, DISTRIBUTION, ETC. |
| Place of publication, distribution, etc. |
Calcutta |
| Name of publisher, distributor, etc. |
Central Public Branch |
| Date of publication, distribution, etc. |
1924 |
| 300 ## - PHYSICAL DESCRIPTION |
| Extent |
393p. |
| 650 ## - SUBJECT ADDED ENTRY--TOPICAL TERM |
| Topical term or geographic name entry element |
Foreign Commerce - India - Directories |